Industrial psychology and its social foundations (Record no. 432850)

000 -LEADER
fixed length control field 00381cam a22001337a 4500
008 - FIXED-LENGTH DATA ELEMENTS--GENERAL INFORMATION
fixed length control field 180718b1956 xxu||||| |||| 00| 0 eng d
082 ## - DEWEY DECIMAL CLASSIFICATION NUMBER
Classification number K9 B625
100 ## - MAIN ENTRY--PERSONAL NAME
Personal name Blum, Milton, L.
245 ## - TITLE STATEMENT
Title Industrial psychology and its social foundations
Statement of responsibility, etc. by Milton, L. Blum
250 ## - EDITION STATEMENT
Edition statement rev. ed.
260 ## - PUBLICATION, DISTRIBUTION, ETC.
Place of publication, distribution, etc. New York
Name of publisher, distributor, etc. Harper
Date of publication, distribution, etc. 1956
300 ## - PHYSICAL DESCRIPTION
Extent 612p.
650 ## - SUBJECT ADDED ENTRY--TOPICAL TERM
Topical term or geographic name entry element Industrial psychology --USA
Holdings
Withdrawn status Lost status Damaged status Not for loan Permanent Location Current Location Date acquired Full call number Barcode Date last seen Price effective from Koha item type
        Indian Institute of Public Administration Indian Institute of Public Administration 2010-02-04 K9 B625 2411 2018-07-21 2018-07-21 Book

Powered by Koha